• 首页
  • 本馆介绍
  • 公告通知
  • 最新文献
  • 馆藏检索
  • 电子资源
  • 读者导购
  • 参考咨询
  • 我的图书馆
  • 登录
  • 详细信息显示
  • 放入我的书架
  • 预约/预借图书
  • 作者相关作品
  • 分类相关作品
  • 丛书相关作品
  • 出版社相关作品

书目信息

  • 表格格式
  • 工作单格式
  • 卡片格式
题名:
呐喊
    
 
作者: 鲁迅 著
分册:  
出版信息: 北京   人民文学出版社  1976
页数: 203页
开本: 19cm
丛书名:
单 册:
中图分类: I210.6
科图分类:
主题词: 文学--作品集--中国
电子资源:
ISBN:
000 00598nam0 2200241 45
001 0176002529
005 20040315095413.4
010    @dCNY0.42
091    @a10019.2436
100    @a19950927d1976 em y0chiy0121 ea
101 0  @achi
102    @aCN@b110000
105    @ay z 000ay
106    @ar
200 10 @a呐喊@Ana han@f鲁迅著
210    @a北京@c人民文学出版社@d1976
215    @a203页@d19cm
606 0  @a文学@x作品集@x中国
690    @aI210.6
701  0 @a鲁迅@Alu xun@4著
801  0 @aCN@b广东省中山图书馆@c20040315
801  2 @aCN@bNLC@c20040315
905    @e10@f3@b61186-188@dI210.6
    
    呐喊/鲁迅著.-北京:人民文学出版社,1976
    203页;19cm
    
    
    ISBN :CNY0.42
    
●
相关链接 在E读中查询图书 在五车中查询图书 在当当中查询图书 在豆瓣中查询图书


正题名:呐喊     索取号:I210.6/10         预约/预借

序号 登录号 条形码 馆藏地/架位号 状态 备注
1 0022104   000531810   第二借阅区/ [索取号:I210.6/10] 在馆    
2 0061186   001896862   密集书库/ [索取号:I210.6/10] 在馆    
3 0061187   001896906   密集书库/ [索取号:I210.6/10] 在馆    
4 0061188   001896942   密集书库/ [索取号:I210.6/10] 在馆    
5 0061189   001896782   密集书库/ [索取号:I210.6/10] 在馆    
6 0061190   001896826   密集书库/ [索取号:I210.6/10] 在馆    
7 0061191   001814353   密集书库/ [索取号:I210.6/10] 在馆    
8 0061192   001814362   密集书库/ [索取号:I210.6/10] 在馆    
9 0061194   001814433   密集书库/ [索取号:I210.6/10] 在馆    
10 0061195   001814399   密集书库/ [索取号:I210.6/10] 在馆    
11 0061196   000531883   第二借阅区/ [索取号:I210.6/10] 在馆    
12 0061197   001402048   第二借阅区/ [索取号:I210.6/10] 在馆    
13 0179430   001405624   第二借阅区/ [索取号:I210.6/10] 在馆    
14 0284074   002840741   第二借阅区/ [索取号:I210.6/10] 在馆    
15 0284075   002840750   第二借阅区/ [索取号:I210.6/10] 在馆    
16 0284076   002840769   第二借阅区/ [索取号:I210.6/10] 在馆    
17 0284077   002840778   第二借阅区/ [索取号:I210.6/10] 在馆    
18 0284088   002840885   第二借阅区/ [索取号:I210.6/10] 在馆    
19 0284089   002840894   第二借阅区/ [索取号:I210.6/10] 在馆    
20 0284090   002840901   第二借阅区/ [索取号:I210.6/10] 在馆    
21 0284091   002840910   第二借阅区/ [索取号:I210.6/10] 在馆    
22 0284092   002840929   第二借阅区/ [索取号:I210.6/10] 在馆    
23 0284093   002840938   第一样本阅览室/ [索取号:I210.6/10] 在馆    
24 0288979   002889798   第二借阅区/ [索取号:I210.6/10] 在馆    
25 0288980   002889805   第二借阅区/ [索取号:I210.6/10] 在馆    
26 0288981   002889814   第二借阅区/ [索取号:I210.6/10] 在馆    
27 0288982   002889823   第二借阅区/ [索取号:I210.6/10] 在馆    
28 0288983   002889832   第二借阅区/ [索取号:I210.6/10] 在馆    
唐山师范学院图书馆 欢迎您!
大连网信软件有限公司© 版权所有